| 000 | 02825cam a22005654a 4500 | ||
|---|---|---|---|
| 001 | 102976 | ||
| 005 | 20230411085615.0 | ||
| 008 | 050322s2006 nyua 001 0 eng | ||
| 010 | _a 2005008143 | ||
| 035 | _a(OCoLC)ocm58721182 | ||
| 040 |
_aDLC _beng _cDLC _dQBX _dBAKER _dUKM _dBTCTA _dOCLCG _dCQU _dIG# _dOCLCQ _dWSDBL _dOCLCQ |
||
| 015 |
_aGBA582769 _2bnb |
||
| 016 | 7 |
_a013302196 _2Uk |
|
| 019 | _a61757568 | ||
| 020 | _a157990663X (pbk.) | ||
| 020 | _a9781579906634 (pbk.) | ||
| 029 | 1 |
_aUKSLA _b157990663x |
|
| 035 |
_a(OCoLC)58721182 _z(OCoLC)61757568 |
||
| 037 |
_a1249954 _bQBI |
||
| 042 | _apcc | ||
| 050 | 1 | 4 |
_aTR 267 _bD257d 2006 |
| 082 | 0 | 0 | _a778 |
| 049 | _aGRAL | ||
| 100 | 1 |
_aDavies, Paul, _d1950- |
|
| 245 | 1 | 0 |
_aDigital photography Q & A : _bgreat tips & hints from a top pro / _cPaul Harcourt Davies. |
| 246 | 3 | _aDigital photography question and answer | |
| 250 | _a1st ed. | ||
| 260 |
_aNew York : _bLark Books, _cc2006. |
||
| 300 |
_a144 p. : _bcol. ill. ; _c27 cm. |
||
| 490 | 1 | _aA Lark photography book | |
| 500 | _aIncludes index. | ||
| 505 | 0 | _aUnderstanding your digital camera -- Taking digital photos -- From camera to computer. | |
| 520 | 0 | _a"Despite the explosive popularity of the new technology, many photographers still have trouble deciphering the jargon and using their cameras effectively. With its wonderfully easy question-and-answer format, this manual offers the information digital photographers seek. Everything is covered, from understanding the actual camera to outputting and storing images. It explains how to take great close-ups, use both the zoom and focusing features, shoot creatively at night and in low light, and find the right techniques to capture a range of different subjects (people, animals, landscape, action). Photographers who have this guide by their side will be in the know and ready to take full advantage of their cameras"--Publisher's description. | |
| 650 | 0 |
_aPhotography _xDigital techniques _vMiscellanea. |
|
| 650 | 4 | _aFotografía digital. | |
| 650 | 4 | _aProcesamiento de imágenes. | |
| 650 | 4 | _aVisión por computador. | |
| 650 | 4 | _aCámaras fotográficas digitales. | |
| 650 | 4 |
_aFotografía digital _vPreguntas y respuestas _vTeorías. |
|
| 830 | 0 | _aLark photography book. | |
| 856 | 4 | 1 |
_3Table of contents _uhttp://catdir.loc.gov/catdir/toc/ecip0510/2005008143.html |
| 856 | 4 | 2 |
_3Publisher description _uhttp://catdir.loc.gov/catdir/enhancements/fy0622/2005008143-d.html |
| 938 |
_aQuality Books, Inc. _bQUAL _na 05008143 |
||
| 938 |
_aBaker and Taylor _bBTCP _n2005008143 |
||
| 938 |
_aBaker & Taylor _bBKTY _c19.95 _d14.96 _i157990663X _n0006148880 _sactive _zB&T Title: Digital Photographer's Problem Solver |
||
| 938 |
_aIngram _bINGR _n9781579906634 |
||
| 942 |
_2lcc _cbk |
||
| 994 |
_aC0 _bDRFGD |
||
| 946 | _anc | ||
| 999 |
_c104583 _d104583 |
||